000 00902pam a2200301 a 4500
001 3525933
003 OSt
005 20140310182716.0
008 960909s1997 orua 000 0 eng
010 _a 96035336
020 _a1565075927
040 _aDLC
_cDLC
_dDLC
050 0 0 _aTX 147
_b.B261 1997
082 0 0 _aM 640
_bB26 1997
100 1 _aBarnes, Emilie.
245 1 0 _aSimply organized
_cBarnes, Emilie
260 _aEugene, Oregon :
_bHarvest House Publishers,
_cc1997.
300 _a95 p. :
_bill. ;
_c19 cm.
521 _aCollege Students
526 _c1210L-1700L
541 _j1
562 _e1
650 0 _aHome economics.
650 0 _aHousewives
_xTime management.
906 _a7
_bcbc
_corignew
_d1
_eocip
_f19
_gy-gencatlg
942 _2lcc
_cBK
_kM
999 _c15282
_d15282